000 00942cam a2200229 i 4500
005 20251118105638.0
008 250721s1995 ua gr 000 0 ara d
020 _a9775631009
082 1 4 _a216.5
_bع ب د
100 1 _aعبد العزيز، عبد الحميد محمد
_eمؤلف.
245 1 2 _aالعلاقات الزوجية والحياة الأسرية من منظور طبي إسلامي /
_cالأستاذ الدكتور عبد الحميد محمد عبد العزيز.
250 _aالطبعة الأولى.
264 3 1 _aالقاهرة :
_bدار الآفاق العلمية للطباعة و النشر و التوزيع،
_c1995.
300 _a148 صفحة.
490 0 _aسلسلة كتاب الأسرة ؛
_vرقم 2.
650 1 7 _aالأسرة.
650 1 7 _aالإسلام.
650 1 7 _aالأمراض.
830 0 _aسلسلة كتاب الأسرة.
942 _2ddc
_cBK
999 _c50934
_d50934